[Event "South Wales op 12th"]
[Site "Cardiff"]
[Date "2015.07.16"]
[Round "9"]
[White "Teh, Eu Wen Aron"]
[Black "Pleasants, Allan J"]
[Result "1-0"]
[WhiteElo "2321"]
[BlackElo "2120"]
[PlyCount "75"]
[EventDate "2015.07.11"]
[EventType "swiss"]
[EventRounds "10"]
[EventCountry "WLS"]
[SourceTitle "EXT 2016"]
[Source "ChessBase"]
[SourceDate "2015.10.08"]
[SourceVersion "1"]
[SourceVersionDate "2015.10.08"]
[SourceQuality "1"]

1. d4 d6 2. Nf3 g6 3. c4 Bg7 4. g3 Nc6 5. d5 Ne5 6. Nxe5 Bxe5 7. Bg2 Bg7 8. Qa4+ Bd7 9. Qb3 Qc8 10. 0-0 Nf6 11. Nc3 0-0 12. Re1 c5 13. a4 Bh3 14. Bh1 Rb8 15. Bd2 Ng4 16. Qc2 Ne5 17. b3 f5 18. f4 Ng4 19. e3 g5 20. Bg2 Bxg2 21. Kxg2 Nf6 22. Rad1 e5 23. dxe6 Qxe6 24. e4 fxe4 25. Nxe4 Qf5 26. Qd3 gxf4 27. Bxf4 Rbe8 28. Nf2 Qxd3 29. Nxd3 Ng4 30. Bxd6 Rxe1 31. Rxe1 Rd8 32. Re6 Kf7 33. Nxc5 Bf6 34. Kf3 Nxh2+ 35. Ke4 b6 36. Kf5 Rxd6 37. Rxd6 Be7 38. Rh6 1-0

[Event "South Wales op 12th"]
[Site "Cardiff"]
[Date "2015.07.15"]
[Round "8"]
[White "Marusenko, Petr"]
[Black "Teh, Eu Wen Aron"]
[Result "1/2-1/2"]
[WhiteElo "2192"]
[BlackElo "2321"]
[PlyCount "91"]
[EventDate "2015.07.11"]
[EventType "swiss"]
[EventRounds "10"]
[EventCountry "WLS"]
[SourceTitle "EXT 2016"]
[Source "ChessBase"]
[SourceDate "2015.10.08"]
[SourceVersion "1"]
[SourceVersionDate "2015.10.08"]
[SourceQuality "1"]

1. d4 e6 2. c4 Nf6 3. Nc3 Bb4 4. e3 0-0 5. Bd3 c5 6. Nf3 d5 7. 0-0 Nc6 8. a3 Bxc3 9. bxc3 dxc4 10. Bxc4 Qc7 11. Bb2 e5 12. h3 Re8 13. Ng5 Nd8 14. Bb5 Bd7 15. Bxd7 Nxd7 16. Qc2 Nf6 17. c4 exd4 18. exd4 h6 19. Nf3 cxd4 20. Nxd4 Ne6 21. Nb5 Qf4 22. Rad1 Qe4 23. Qxe4 Nxe4 24. Rfe1 N4c5 25. Rd5 Rec8 26. Be5 Rc6 27. f4 a6 28. Nc3 Nc7 29. Rd6 Ne8 30. Rxc6 bxc6 31. Rd1 f6 32. Bd4 Nb3 33. Be3 Na5 34. c5 Nc7 35. a4 Nc4 36. Bf2 Ne6 37. f5 Ng5 38. Rd7 Nf7 39. Ne4 Nfe5 40. Rc7 Rd8 41. Ra7 Rd1+ 42. Kh2 a5 43. Ra8+ Kh7 44. Ra7 Kg8 45. Ra8+ Kh7 46. Ra7 1/2-1/2

[Event "South Wales op 12th"]
[Site "Cardiff"]
[Date "2015.07.11"]
[Round "1"]
[White "Teh, Eu Wen Aron"]
[Black "Bennett, Rhys"]
[Result "1-0"]
[WhiteElo "2321"]
[BlackElo "1802"]
[PlyCount "98"]
[EventDate "2015.07.11"]
[EventType "swiss"]
[EventRounds "10"]
[EventCountry "WLS"]
[SourceTitle "EXT 2016"]
[Source "ChessBase"]
[SourceDate "2015.10.08"]
[SourceVersion "1"]
[SourceVersionDate "2015.10.08"]
[SourceQuality "1"]

1. Nf3 d5 2. c4 e6 3. g3 Nf6 4. Bg2 Be7 5. d4 0-0 6. 0-0 dxc4 7. Qc2 a6 8. Qxc4 b5 9. Qc2 Bb7 10. Bd2 Nbd7 11. Ba5 Bd6 12. Rc1 Rc8 13. Nbd2 Qe7 14. e4 e5 15. dxe5 Bxe5 16. Nxe5 Nxe5 17. Qc5 Qxc5 18. Rxc5 Nc6 19. Bc3 Nd7 20. Nb3 Nxc5 21. Nxc5 Nd8 22. Rd1 Bc6 23. Nxa6 Ne6 24. f4 Bb7 25. Nb4 Rcd8 26. Nd5 c6 27. Ne7+ Kh8 28. Re1 Rd7 29. Nf5 Rfd8 30. e5 Rd1 31. Nd6 Rxe1+ 32. Bxe1 Rd7 33. f5 Nd8 34. Ba5 Kg8 35. Bxd8 Rxd8 36. Nxb7 Rd1+ 37. Bf1 Ra1 38. a3 Rb1 39. b4 Kf8 40. Nd8 Rc1 41. e6 fxe6 42. Nxe6+ Kf7 43. Kf2 Kf6 44. Bd3 Ke5 45. Nxg7 Rc3 46. Ke3 Rxa3 47. Ne6 Ra2 48. Nd4 Rxh2 49. Nf3+ Kd5 1-0